<?xml version="1.0" encoding="UTF-8"?>
<record
    xmlns:xsi="http://www.w3.org/2001/XMLSchema-instance"
    xsi:schemaLocation="http://www.loc.gov/MARC21/slim http://www.loc.gov/standards/marcxml/schema/MARC21slim.xsd"
    xmlns="http://www.loc.gov/MARC21/slim">

  <leader>00525nam a22001577a 4500</leader>
  <controlfield tag="003">OSt</controlfield>
  <controlfield tag="005">20150905141542.0</controlfield>
  <controlfield tag="008">150905b        xxu||||| |||| 00| 0 eng d</controlfield>
  <datafield tag="040" ind1=" " ind2=" ">
    <subfield code="c">RUA</subfield>
  </datafield>
  <datafield tag="082" ind1=" " ind2=" ">
    <subfield code="a">AGR &#x1783;&#x17BD;&#x1793; 1991 B002 Or.1</subfield>
  </datafield>
  <datafield tag="100" ind1=" " ind2=" ">
    <subfield code="9">29</subfield>
    <subfield code="a">&#x1783;&#x17BC;&#x1793; &#x179F;&#x17B6;&#x1798;&#x17BF;&#x1793;</subfield>
  </datafield>
  <datafield tag="245" ind1=" " ind2=" ">
    <subfield code="a">&#x179F;&#x17B7;&#x1780;&#x17D2;&#x179F;&#x17B6;&#x1794;&#x17D2;&#x179A;&#x1796;&#x17D0;&#x1793;&#x17D2;&#x1792;&#x178A;&#x17B6;&#x17C6;&#x178A;&#x17BB;&#x17C7;&#x178A;&#x17C6;&#x178E;&#x17B6;&#x17C6;&#x179F;&#x17D2;&#x179A;&#x17BC;&#x179C;&#x1794;&#x1793;&#x17D2;&#x1791;&#x17B6;&#x1794;&#x17CB;&#x1796;&#x17B8;&#x178A;&#x17C6;&#x178E;&#x17B6;&#x17C6;&#x1787;&#x17B8;&#x179F;&#x17D2;&#x179A;&#x179F;&#x17CB;</subfield>
  </datafield>
  <datafield tag="260" ind1=" " ind2=" ">
    <subfield code="a">Phnom Penh</subfield>
    <subfield code="b">RUA</subfield>
    <subfield code="c">1991</subfield>
  </datafield>
  <datafield tag="300" ind1=" " ind2=" ">
    <subfield code="a">44p.</subfield>
    <subfield code="b">ill.</subfield>
    <subfield code="c">29cm.</subfield>
  </datafield>
  <datafield tag="942" ind1=" " ind2=" ">
    <subfield code="2">ddc</subfield>
    <subfield code="c">AGR</subfield>
  </datafield>
  <datafield tag="999" ind1=" " ind2=" ">
    <subfield code="c">28</subfield>
    <subfield code="d">28</subfield>
  </datafield>
  <datafield tag="952" ind1=" " ind2=" ">
    <subfield code="0">0</subfield>
    <subfield code="1">0</subfield>
    <subfield code="2">ddc</subfield>
    <subfield code="4">0</subfield>
    <subfield code="6">AGR_&#x1783;&#x17BD;&#x1793;_1991_000000000000000_B002_OR_1</subfield>
    <subfield code="7">0</subfield>
    <subfield code="9">88</subfield>
    <subfield code="a">LBB</subfield>
    <subfield code="b">LBB</subfield>
    <subfield code="c">B002</subfield>
    <subfield code="d">2015-09-05</subfield>
    <subfield code="o">AGR &#x1783;&#x17BD;&#x1793; 1991 B002 Or.1</subfield>
    <subfield code="p">RUA003144</subfield>
    <subfield code="r">2015-09-05</subfield>
    <subfield code="w">2015-09-05</subfield>
    <subfield code="y">AGR</subfield>
  </datafield>
  <datafield tag="952" ind1=" " ind2=" ">
    <subfield code="0">0</subfield>
    <subfield code="1">0</subfield>
    <subfield code="2">ddc</subfield>
    <subfield code="4">0</subfield>
    <subfield code="6">AGR_&#x1783;&#x17BD;&#x1793;_1991_000000000000000_B002_OR_2</subfield>
    <subfield code="7">0</subfield>
    <subfield code="9">89</subfield>
    <subfield code="a">LBB</subfield>
    <subfield code="b">LBB</subfield>
    <subfield code="c">B002</subfield>
    <subfield code="d">2015-09-05</subfield>
    <subfield code="o">AGR &#x1783;&#x17BD;&#x1793; 1991 B002 Or.2</subfield>
    <subfield code="p">RUA003143</subfield>
    <subfield code="r">2015-09-05</subfield>
    <subfield code="w">2015-09-05</subfield>
    <subfield code="y">AGR</subfield>
  </datafield>
  <datafield tag="952" ind1=" " ind2=" ">
    <subfield code="0">0</subfield>
    <subfield code="1">0</subfield>
    <subfield code="2">ddc</subfield>
    <subfield code="4">0</subfield>
    <subfield code="6">AGR_&#x1783;&#x17BD;&#x1793;_1991_000000000000000_B002_OR_3</subfield>
    <subfield code="7">0</subfield>
    <subfield code="9">90</subfield>
    <subfield code="a">LBB</subfield>
    <subfield code="b">LBB</subfield>
    <subfield code="c">B002</subfield>
    <subfield code="d">2015-09-05</subfield>
    <subfield code="o">AGR &#x1783;&#x17BD;&#x1793; 1991 B002 Or.3</subfield>
    <subfield code="p">RUA003866</subfield>
    <subfield code="r">2015-09-05</subfield>
    <subfield code="w">2015-09-05</subfield>
    <subfield code="y">AGR</subfield>
  </datafield>
  <datafield tag="952" ind1=" " ind2=" ">
    <subfield code="0">0</subfield>
    <subfield code="1">0</subfield>
    <subfield code="2">ddc</subfield>
    <subfield code="4">0</subfield>
    <subfield code="6">AGR_&#x1783;&#x17BD;&#x1793;_1991_000000000000000_B002_OR_4</subfield>
    <subfield code="7">0</subfield>
    <subfield code="9">91</subfield>
    <subfield code="a">LBB</subfield>
    <subfield code="b">LBB</subfield>
    <subfield code="c">B002</subfield>
    <subfield code="d">2015-09-05</subfield>
    <subfield code="o">AGR &#x1783;&#x17BD;&#x1793; 1991 B002 Or.4</subfield>
    <subfield code="p">RUA003870</subfield>
    <subfield code="r">2015-09-05</subfield>
    <subfield code="w">2015-09-05</subfield>
    <subfield code="y">AGR</subfield>
  </datafield>
  <datafield tag="952" ind1=" " ind2=" ">
    <subfield code="0">0</subfield>
    <subfield code="1">0</subfield>
    <subfield code="2">ddc</subfield>
    <subfield code="4">0</subfield>
    <subfield code="6">AGR_&#x1783;&#x17BD;&#x1793;_1991_000000000000000_B002_OR_5</subfield>
    <subfield code="7">0</subfield>
    <subfield code="9">92</subfield>
    <subfield code="a">LBB</subfield>
    <subfield code="b">LBB</subfield>
    <subfield code="c">B002</subfield>
    <subfield code="d">2015-09-05</subfield>
    <subfield code="o">AGR &#x1783;&#x17BD;&#x1793; 1991 B002 Or.5</subfield>
    <subfield code="p">RUA003942</subfield>
    <subfield code="r">2015-09-05</subfield>
    <subfield code="w">2015-09-05</subfield>
    <subfield code="y">AGR</subfield>
  </datafield>
  <datafield tag="952" ind1=" " ind2=" ">
    <subfield code="0">0</subfield>
    <subfield code="1">0</subfield>
    <subfield code="2">ddc</subfield>
    <subfield code="4">0</subfield>
    <subfield code="6">AGR_&#x1783;&#x17BD;&#x1793;_1991_000000000000000_B002_OR_6</subfield>
    <subfield code="7">0</subfield>
    <subfield code="9">93</subfield>
    <subfield code="a">LBB</subfield>
    <subfield code="b">LBB</subfield>
    <subfield code="c">B002</subfield>
    <subfield code="d">2015-09-05</subfield>
    <subfield code="l">1</subfield>
    <subfield code="o">AGR &#x1783;&#x17BD;&#x1793; 1991 B002 Or.6</subfield>
    <subfield code="p">RUA003140</subfield>
    <subfield code="r">2016-08-26</subfield>
    <subfield code="s">2016-07-04</subfield>
    <subfield code="w">2015-09-05</subfield>
    <subfield code="y">AGR</subfield>
  </datafield>
  <datafield tag="952" ind1=" " ind2=" ">
    <subfield code="0">0</subfield>
    <subfield code="1">0</subfield>
    <subfield code="2">ddc</subfield>
    <subfield code="4">0</subfield>
    <subfield code="6">AGR_&#x1783;&#x17BD;&#x1793;_1991_000000000000000_B002_OR_7</subfield>
    <subfield code="7">0</subfield>
    <subfield code="9">94</subfield>
    <subfield code="a">LBB</subfield>
    <subfield code="b">LBB</subfield>
    <subfield code="c">B002</subfield>
    <subfield code="d">2015-09-05</subfield>
    <subfield code="o">AGR &#x1783;&#x17BD;&#x1793; 1991 B002 Or.7</subfield>
    <subfield code="p">RUA003941</subfield>
    <subfield code="r">2015-09-05</subfield>
    <subfield code="w">2015-09-05</subfield>
    <subfield code="y">AGR</subfield>
  </datafield>
  <datafield tag="952" ind1=" " ind2=" ">
    <subfield code="0">0</subfield>
    <subfield code="1">0</subfield>
    <subfield code="2">ddc</subfield>
    <subfield code="4">0</subfield>
    <subfield code="6">AGR_&#x1783;&#x17BD;&#x1793;_1991_000000000000000_B002_OR_8</subfield>
    <subfield code="7">0</subfield>
    <subfield code="9">95</subfield>
    <subfield code="a">LBB</subfield>
    <subfield code="b">LBB</subfield>
    <subfield code="c">B002</subfield>
    <subfield code="d">2015-09-05</subfield>
    <subfield code="o">AGR &#x1783;&#x17BD;&#x1793; 1991 B002 Or.8</subfield>
    <subfield code="p">RUA003939</subfield>
    <subfield code="r">2015-09-05</subfield>
    <subfield code="w">2015-09-05</subfield>
    <subfield code="y">AGR</subfield>
  </datafield>
</record>
